In dubio pro reo

Kaydedildi:
Detaylı Bibliyografya
Yazar: Sentís Melendo, Santiago (Yazar)
Materyal Türü: Kitap
Dil:İspanyolca
Baskı/Yayın Bilgisi: Buenos Aires EJEA 1971
Edisyon:1a. ed
Seri Bilgileri:Breviarios de Derecho, 57
Konular:
Etiketler: Etiketle
Etiket eklenmemiş, İlk siz ekleyin!

MARC

LEADER 00000cam a2200000 a 4500
001 UCC5323
003 CL-VaPUC
008 181005e19710000ag |||||||||||||||||spa|d
082 0 4 |a 347  |b SEN  |2 21 
100 0 |a Sentís Melendo, Santiago  |e author  |9 599647 
245 1 0 |a In dubio pro reo 
250 |a 1a. ed 
300 |a 219 p 
942 |c BK 
945 |d 20181005 11:02:00  |a dcastane 
260 |a Buenos Aires  |b EJEA  |c 1971 
650 0 |a Derecho procesal penal  |9 255496 
583 |a last modification  |c 20181005 11:02:00  |k Rodrigo Vera 
490 0 |a Breviarios de Derecho, 57 
999 |c 372576  |d 372574 
952 |0 0  |1 0  |3 erb  |4 0  |6 347_000000000000000_SEN_1971  |7 0  |8 A  |9 490259  |a BIBDER  |b BIBDER  |e Mateluna Arestizabal, Alfredo Sergio  |i 548927K  |o 347 SEN 1971  |p 548927K  |r 2023-01-25  |w 2019-11-24  |y BK  |z Catalogado en:20181005  |k DER